|
|
|
|
| LEADER |
00000nab#a22000007a#4500 |
| 001 |
arbauad044910 |
| 003 |
AR-BaUAD |
| 005 |
20250711113452.0 |
| 008 |
000711|||||||||###||||||b###|0###a|spa|| |
| 040 |
|
|
|a AR-BaUAD
|c AR-BaUAD
|b spa
|
| 100 |
|
|
|a Margerie, Anne de
|
| 245 |
|
|
|a Les Hugo, une dynastie d'artistes /
|c Anne de Margerie;
|
| 300 |
0 |
|
|b p. 66-71 ; 80-81: fot. col.
|
| 653 |
|
|
|a FRANCIA
|
| 653 |
|
|
|a PARIS
|
| 653 |
|
|
|a PINTURA
|
| 653 |
|
|
|a HUGO, VICTOR
|
| 653 |
|
|
|a HUGO, JEAN
|
| 653 |
|
|
|a HUGO, GEORGES
|
| 653 |
|
|
|a HUGO, MARIE
|
| 653 |
|
|
|a BIOGRAFIAS
|
| 653 |
|
|
|a ARTE
|
| 773 |
0 |
|
|t L'OEIL
|g no. 517 [jun. 2000]
|
| 942 |
|
|
|c ARTI
|
| 952 |
|
|
|0 0
|1 0
|4 0
|7 0
|9 89829
|a AR-BAuAD
|b AR-BAuAD
|d 2025-07-11
|l 0
|p AAQA044910
|r 2025-07-11 11:34:52
|w 2025-07-11
|y ARTI
|
| 990 |
|
|
|a A200
|b TD
|
| 998 |
|
|
|a AAQ
|b BIBUN76
|
| 999 |
|
|
|c 69502
|d 69502
|